Statistics for Actors By Kill Count

Click here to take the quiz!

General Stats

  • This quiz has been taken 40 times
    (29 since last reset)
  • The average score is 16 of 23

Answer Stats

On Screen KillsCharacterMovieKiller Actors% Correct
842Terminator / T-800The TerminatorArnold Schwarzenegger
96%
387John WickJohn WickKeanu Reeves
96%
794RamboFirst BloodSylvester Stallone
96%
356John McClaneDie HardBruce Willis
85%
363Ethan HuntMission ImpossibleTom Cruise
85%
1,734Nick FuryMarvel FranchiseSamuel L. Jackson
81%
348James BondSkyfallDaniel Craig
78%
332Inspector Yang Naing LeeRush HourJackie Chan
78%
588Johnny Blaze / Ghost RiderGhost RiderNicolas Cage
78%
382Dirty HarryDirty HarryClint Eastwood
74%
368SpencerJumanji: Welcome to the JungleDwayne Johnson
70%
593BladeBladeWesley Snipes
70%
Half the UniverseThanosAvengers: Infinity WarsJosh Brolin
67%
344BoromirThe Lord Of The Rings: The Fellowship Of The RingSean Bean
67%
670MarinerWaterworldKevin Costner
63%
425Leonidas300Gerard Butler
56%
480Luc DeverauxUniversal SoldierJean-Claude Van Damme
56%
822Casey RybackUnder SiegeSteven Seagal
56%
1076Yin YangThe ExpendablesJet Li
52%
940Gunnar JensenThe Expendables 2Dolph Lundgren
48%
718Lee ChristmasThe ExpendablesJason Statham
41%
1299AliceResident EvilMilla Jovovich
41%
485Booker "The Lone Wolf"The Expendables 2Chuck Norris
26%

Score Distribution

Percentile by Number Answered

Percent of People with Each Score

Your Score History

You have not taken this quiz since the last reset